| 000 | 01308cam a2200301 a 4500 | ||
|---|---|---|---|
| 001 | 15558732 | ||
| 005 | 20090804134341.0 | ||
| 008 | 081216s2009 enka |rb 001 0 eng | ||
| 010 | _a 2008052891 | ||
| 020 | _a9780415496803 (pbk.) | ||
| 035 | _a(OCoLC)ocn288932833 | ||
| 040 |
_aDLC _cDLC _dYDX _dYDXCP _dBWK _dCDX _dDLC |
||
| 050 | 0 | 0 |
_aHB501 _b.N58 2009 |
| 082 | 0 | 0 |
_a303.3 _222 _bNIT |
| 100 | 1 |
_aNitzan, Jonathan. _911063 |
|
| 245 | 1 | 0 |
_aCapital as Power : _bA Study or Order and Creorder / _cJonathan Nitzan and Shimshon Bichler. |
| 260 |
_aMilton Park, Abingdon, Oxon ; _aNew York, NY : _bRoutledge, 2009 _c2009. |
||
| 300 |
_axxvi, 438 p. : _bill. ; _c24 cm. |
||
| 490 | 1 | _aRIPE Series in Global Political Economy | |
| 504 | _aIncludes bibliographical references (p. [401]-429) and index. | ||
| 650 | 0 |
_aCapitalism. _911064 |
|
| 650 | 0 |
_aPower (Social sciences) _911065 |
|
| 700 | 1 |
_aBichler, Shimshon. _911066 |
|
| 830 | 0 |
_aRIPE series in global political economy. _911067 |
|
| 942 |
_2ddc _cBB |
||
| 999 |
_c13306 _d13306 |
||